000 00663nam a22002177a 4500
005 20170124105944.0
010 _aA-790971
020 _a8170542195
_c00.00
035 _aA-790971
037 _bCen Lib/Ret
040 _aDPL
_bEN
082 _a332
_bLEK
100 _aLekhi, R. K.
_912009
245 _aFinancial relation in India /
_cby R. K. Lekhi
260 _aNew Delhi
_bClassical Publishing
_c1996
270 _a28, Shopping Center, Karampura
_bNew Delhi
_e110015
300 _a119p.
_c20cm
650 _aIntergovernmental fiscal relations -- India
_912010
650 _aFinance, Public -- India
_912011
942 _2ddc
_cEN
_h332
_mLEK
999 _c124808
_d124808